00676nam a2200145Ia 4500008004100000020001800041100002400059245019800083250001200281260007600293300001900369500001900388999001900407952010400426200619s9999 xx 000 0 und d a971-92221-1-5 aMontenegro, Ruel A. cRuel A. Montenegro, Genevieve - Ledesma Tan , Jocelyn P. Tizon.--aJob Ranking and Salary Schemes for School and Colleges:bAn association of school HRMD Practitioners, Inc. (AASHPI) Handbook / a3rd ed. aLas Pinas:bSouthville International Colleges System Publicationsc2010 avii, 198 pages aJob Evaluation c363729d363729 001040aSFUbSFUcSFUd2020-06-19l0oL 7 .T161 2003pSFU0632r2020-06-19 00:00:00w2020-06-19yBK